War thunder maps - Statistics

General Stats
  • This quiz has been taken 129 times
    115 since last reset
  • The average score is 24 of 59
Answer Stats
Picture Answer % Correct
Abandoned Factory
87%
Berlin
83%
Advance to the Rhine
75%
Alaska
74%
American Desert
71%
Japan
68%
Finland
66%
Cargo Port
63%
38th Parallel
62%
Normandy
62%
Fields of Poland
57%
Poland
57%
Stalingrad
55%
Eastern Europe
54%
Sweden
54%
Vietnam
53%
Sun city
51%
Aral Sea
47%
Jungle
47%
Ardennes
46%
Ash River
46%
Attica
46%
Carpathians
46%
Flanders
43%
Sands of Sinai
43%
Seversk-13
42%
Sinai
42%
Red Desert
41%
Fields of Normandy
38%
Tunisia
38%
El Alamein
37%
Fulda
37%
Campania
36%
Maginot Line
36%
Abandoned Town
34%
Frozen Pass
34%
Breslau
33%
Middle East
33%
Golden Quarry
32%
Ground zero
32%
Spaceport
32%
Mozdok
30%
Karelia
29%
Hürtgen Forest
28%
Iberian castle
24%
Test site 2271
24%
White Rock Fortress
24%
European Province
22%
Pradesh
22%
North Holland
21%
Fire Arc
18%
Surroundings of Volokolamsk
18%
Volokolamsk
18%
Kuban
17%
Arctic pier
14%
Sands of Tunisia
14%
Port Novorossiysk
13%
Arctic polar base
7%
Wallonia
1%
No matching quizzes found
Score Distribution
Percent of People with Each Score
Percentile by Number Answered
Your Score History
You have not taken this quiz since the last reset